[Event "Aragon-chT Preferente Gr II"]
[Site "Aragon"]
[Date "2023.03.25"]
[Round "9.54"]
[White "Aliaga Cebrian, Luis Angel"]
[Black "Garcia Garcia, Enrique"]
[Result "0-1"]
[WhiteElo "1500"]
[BlackElo "1797"]
[PlyCount "56"]
[EventDate "2023.01.28"]
[EventType "team-tourn"]
[EventRounds "9"]
[EventCountry "ESP"]
[SourceTitle "EXT 2024"]
[Source "ChessBase"]
[SourceDate "2023.10.10"]
[SourceVersion "1"]
[SourceVersionDate "2023.10.10"]
[SourceQuality "1"]
[WhiteTeam "Palacio de Pioneros III"]
[BlackTeam "Dr Azua"]
[WhiteTeamCountry "ESP"]
[BlackTeamCountry "ESP"]

1. e4 c5 2. c3 d5 3. e5 Nc6 4. Nf3 Bg4 5. Bb5 Qb6 6. Qa4 Bxf3 7. Bxc6+ bxc6 8. gxf3 e6 9. d4 cxd4 10. cxd4 Ne7 11. Nd2 Nf5 12. Nb3 Be7 13. Be3 0-0 14. Rc1 Rac8 15. Rc2 f6 16. f4 fxe5 17. fxe5 Nxe3 18. fxe3 Bb4+ 19. Ke2 Qb7 20. Nc5 Bxc5 21. dxc5 Qf7 22. Qg4 Qf5 23. Qa4 Qf3+ 24. Kd3 Qxh1 25. Qxa7 Qe4+ 26. Kd2 Rf2+ 27. Ke1 Qxc2 28. Qd7 Qd2# 0-1